Statistics for Seattle Streets that Intersect Broadway

Click here to take the quiz!

General Stats

  • This quiz has been taken 130 times
    (110 since last reset)
  • The average score is 11 of 30

Answer Stats

Street% Correct
Pike
86%
Pine
86%
Madison
67%
Olive/John
66%
Union
61%
Cherry
57%
Denny
56%
Yesler
46%
James
44%
Aloha
42%
Mercer
42%
Jefferson
41%
Columbia
38%
Marion
37%
Republican
37%
Thomas
35%
Boren
34%
Roy
30%
Harrison
29%
Fir
28%
Howell
23%
Harvard
19%
Prospect
19%
Terry
19%
Spruce
18%
Terrace
16%
Alder
15%
Highland
14%
Minor
13%
Boylston
9%

Score Distribution

Percentile by Number Answered

Percent of People with Each Score

Your Score History

You have not taken this quiz since the last reset